000 00461nam a22001811a 4500
020 _c0.00
040 _aSSUS - Library - Kalady
082 _aH300 9
_bCHE/H
100 _aChennakesavulu C
245 _aHindi ke sanskritik upanyas
_h[Text]
260 _aKanpur
_bAnnapurna
_c2001
300 _a206p.
600 _aLiterature Hindi
600 _aLiterature
600 _aNovel Hindi Criticism
852 _9350.00
_r
942 _cBK
999 _c17568
_d17568